[Event "Madrid-ch Previa-A"]
[Site "Madrid"]
[Date "2014.02.18"]
[Round "8"]
[White "Boni De Aristizabal, Marco"]
[Black "Calleja Aletta, Jacobo"]
[Result "0-1"]
[WhiteElo "1756"]
[BlackElo "1577"]
[PlyCount "74"]
[EventDate "2014.02.03"]
[EventType "swiss"]
[EventRounds "9"]
[EventCountry "ESP"]
[SourceTitle "EXT 2015"]
[Source "ChessBase"]
[SourceDate "2014.11.20"]
[SourceVersion "1"]
[SourceVersionDate "2014.11.20"]
[SourceQuality "1"]

1. e4 c5 2. c3 Nc6 3. Nf3 Nf6 4. e5 Ng4 5. d4 cxd4 6. cxd4 d5 7. h3 Nh6 8. Bxh6 gxh6 9. Qb3 a6 10. Nc3 e6 11. a3 Na5 12. Qc2 Bd7 13. Bd3 Rc8 14. 0-0 Nc4 15. Qb3 Na5 16. Qa2 Qb6 17. Rac1 Nc6 18. Ne2 Be7 19. Rc3 f5 20. Rfc1 Kf7 21. Qb3 Qa7 22. Qa4 Rhg8 23. b4 Nxd4 24. Qxd7 Nxf3+ 25. Kf1 Nxe5 26. Qa4 Nxd3 27. Rxd3 b5 28. Qd1 Rc4 29. Rdc3 Qc7 30. Rxc4 bxc4 31. Nd4 Qh2 32. Qh5+ Rg6 33. Re1 Qxg2+ 34. Ke2 Qe4+ 35. Kf1 Qxd4 36. Re3 c3 37. Qe2 Qd2 0-1

[Event "Madrid-ch Previa-A"]
[Site "Madrid"]
[Date "2014.02.03"]
[Round "1"]
[White "Calleja Aletta, Jacobo"]
[Black "Montes de Santiago, Fernando"]
[Result "0-1"]
[WhiteElo "1577"]
[BlackElo "1826"]
[PlyCount "116"]
[EventDate "2014.02.03"]
[EventType "swiss"]
[EventRounds "9"]
[EventCountry "ESP"]
[SourceTitle "EXT 2015"]
[Source "ChessBase"]
[SourceDate "2014.11.20"]
[SourceVersion "1"]
[SourceVersionDate "2014.11.20"]
[SourceQuality "1"]

1. c4 e5 2. Nc3 Nf6 3. Nf3 Nc6 4. g3 d5 5. cxd5 Nxd5 6. Bg2 Nxc3 7. bxc3 e4 8. Ng1 f5 9. Qb3 Bc5 10. Nh3 Qf6 11. Nf4 g5 12. Nd5 Qf7 13. 0-0 Rb8 14. d4 Bd6 15. Bxg5 Be6 16. Nf6+ Qxf6 17. Bxf6 Bxb3 18. Bxh8 Bc4 19. Bf6 Kf7 20. Bg5 Rg8 21. h4 Bxe2 22. Rfe1 Bg4 23. Rab1 b6 24. Bf1 Rg6 25. Bc4+ Kg7 26. Bb5 Na5 27. Be8 Re6 28. Bd7 Rg6 29. d5 h6 30. Be3 Be5 31. Bd4 Nc4 32. Rbc1 Kf6 33. Rc2 Rg7 34. Bb5 Nd6 35. Be2 Bxe2 36. Rcxe2 Nb5 37. Bxe5+ Kxe5 38. c4 Nd4 39. f4+ Kd6 40. Re3 Nc2 41. Kf2 Nxe1 42. Rxe1 Kc5 43. Rd1 Rd7 44. Ke3 h5 45. d6 Rxd6 46. Rxd6 Kxd6 47. Kd4 c5+ 48. Ke3 Ke6 49. a3 Kd6 50. a4 a6 51. Kd2 Kc6 52. Ke3 b5 53. cxb5+ axb5 54. a5 b4 55. g4 b3 56. a6 b2 57. a7 Kb7 58. gxf5 b1Q 0-1